Séries A-Z par image - Statistiques

Statistiques générales
  • Ce quiz a été pris 4 265 fois
  • Le résultat moyen est 16 sur 26
Statistiques - réponses
Par images Hint Réponse % Correct
C La casa de papel
97%
S Squid Game
96%
F Friends
95%
L Lucifer
95%
P Prison Break
93%
B Breaking Bad
92%
E Elite
87%
V Vikings
86%
M Malcolm
84%
O Outer Banks
84%
Y You
82%
J Le Jeu de la dame
80%
N Narcos
80%
G Game of Thrones
79%
W The Witcher
72%
T Teen Wolf
69%
D Dr House
62%
A Alice in Borderland
60%
X X-Files : Aux frontières du réel
36%
H House of Cards
27%
Q Queen
27%
R Rome
22%
K Kingdom
13%
U Unbelievable
4%
I Innocent
2%
Z ZeroZeroZero
1%
Aucun quiz correspondant
Distribution des résultats
% des personnes avec chaque résultat
Percentile par nombre de réponses
Votre historique - résultats
Vous n’avez pas pris ce quiz